[Event "TCh-RUS HL 2019"]
[Site "Sochi RUS"]
[Date "2019.05.01"]
[Round "1.1"]
[Board "1"]
[White "Goryachkina, Aleksandra"]
[Black "Grishchenko, Sergey1"]
[Result "1-0"]
[WhiteTitle "GM"]
[BlackTitle "IM"]
[WhiteElo "2522"]
[BlackElo "2415"]
[WhiteTeam "Yamal (YaNAO)"]
[BlackTeam "Metrum Group (Smolensk region)"]
[WhiteFideId "4147103"]
[BlackFideId "4136730"]
[EventDate "2019.05.01"]

1. e4 c6 2. d4 d5 3. Nd2 dxe4 4. Nxe4 Nf6 5. Nxf6+ gxf6 6. c3 Bf5 7. Bc4 e6 8.
Nf3 Nd7 9. O-O Qc7 10. Nh4 Bg6 11. Qf3 Bd6 12. g3 O-O-O 13. a4 f5 14. b4 Rdg8
15. Ng2 h5 16. h4 e5 17. dxe5 Nxe5 18. Qe2 Re8 19. Bf4 Nxc4 20. Qxc4 Re4 21. Qd3
Bxf4 22. Nxf4 Rxf4 23. gxf4 Qxf4 24. Qd4 Qxd4 25. cxd4 Rd8 26. Rfd1 f4 27. f3
Rd5 28. Rd2 a5 29. bxa5 Rxa5 30. d5 cxd5 31. Rd4 Kd7 32. Rb4 Ra7 33. Rxf4 Kd6
34. Rc1 Ke5 35. Rb4 d4 36. Rc7 d3 37. Kf2 Ra8 38. Ke3 Kd6 39. Rcxb7 Re8+ 40. Kd2
Re2+ 41. Kd1 Rf2 42. R7b6+ Ke7 43. Rf4 Rf1+ 44. Kd2 Rf2+ 45. Ke1 Re2+ 46. Kd1
Ra2 47. Rd4 Rf2 48. a5 Rxf3 49. a6 Rf1+ 50. Kd2 Ra1 51. Rb7+ Ke6 52. a7 f6 53.
Rd8 Be4 54. Re8+ Kf5 55. Rb5+ Kf4 56. Rb4 Ra2+ 57. Kc3 f5 58. a8=Q 1-0

[Event "TCh-RUS HL 2019"]
[Site "Sochi RUS"]
[Date "2019.05.01"]
[Round "1.1"]
[Board "2"]
[White "Potapov, Alexey"]
[Black "Potapov, Pavel"]
[Result "1/2-1/2"]
[WhiteTitle "IM"]
[BlackTitle "GM"]
[WhiteElo "2370"]
[BlackElo "2492"]
[WhiteTeam "Metrum Group (Smolensk region)"]
[BlackTeam "Yamal (YaNAO)"]
[WhiteFideId "4182138"]
[BlackFideId "4169786"]
[EventDate "2019.05.01"]

1. d4 Nf6 2. Nf3 e6 3. c4 b6 4. Nc3 Bb7 5. e3 Be7 6. Be2 O-O 7. O-O d5 8. b3 c5
9. dxc5 Bxc5 10. cxd5 Nxd5 11. Bb2 Nxc3 12. Bxc3 Nc6 13. a3 Qxd1 14. Rfxd1 Rfd8
15. b4 Bf8 16. Rxd8 Rxd8 17. Rd1 Rxd1+ 18. Bxd1 Bd6 19. Nd2 Ne7 20. e4 Kf8 21.
f3 f6 22. Bb3 e5 23. Kf2 b5 24. Nb1 Ke8 25. Ke3 Kd7 26. Bb2 Bc7 27. Nc3 a6 28.
Kd3 Bb6 29. Ne2 Kd6 30. Bc3 Bc8 31. a4 Be6 32. Bxe6 Kxe6 33. axb5 axb5 34. Be1
Nc6 35. Nc3 Nxb4+ 36. Ke2 Nc2 37. Nxb5 Nd4+ 38. Nxd4+ Bxd4 39. Bb4 g6 40. h3 h5 1/2-1/2

[Event "TCh-RUS HL 2019"]
[Site "Sochi RUS"]
[Date "2019.05.01"]
[Round "1.1"]
[Board "3"]
[White "Belyakov, Bogdan"]
[Black "Konaplev, Anton"]
[Result "1-0"]
[WhiteTitle "IM"]
[BlackTitle "FM"]
[WhiteElo "2460"]
[BlackElo "2314"]
[WhiteTeam "Yamal (YaNAO)"]
[BlackTeam "Metrum Group (Smolensk region)"]
[WhiteFideId "24104795"]
[BlackFideId "24165646"]
[EventDate "2019.05.01"]

1. e4 e6 2. d4 d5 3. Nc3 Bb4 4. e5 c5 5. a3 Bxc3+ 6. bxc3 Qc7 7. Nf3 b6 8. a4
Ne7 9. a5 bxa5 10. Bd3 Nbc6 11. O-O c4 12. Be2 h6 13. Ne1 Bd7 14. Ba3 Nc8 15.
Bh5 g6 16. Bg4 Qd8 17. g3 Nb6 18. Ng2 Na4 19. Qd2 a6 20. Ne3 Na7 21. Bc1 Rb8 22.
Bf3 h5 23. h4 Bb5 24. Ba3 Nc6 25. Bd6 Rb7 26. Rfb1 Nb6 27. Ng2 Nc8 28. Ba3 N8e7
29. Nf4 Nf5 30. Re1 Kd7 31. Nh3 Kc8 32. Ng5 Kb8 33. Bg2 Ka8 34. Ra2 Qd7 35. Bh3
Rhb8 36. Bxf5 exf5 37. e6 fxe6 38. Rxe6 Qg7 39. Bd6 Rg8 40. Ra1 a4 41. Rae1 Qd7
42. Ba3 Qc8 43. Qf4 Nd8 44. Rf6 Rd7 45. Nf3 Rdg7 46. Bc5 Bc6 47. Ng5 Rd7 48. Qc1
Rb7 49. Kh2 Bb5 50. Nh3 Rbg7 51. Qf4 Bc6 52. Qc1 Rb7 53. Nf4 Rbg7 54. Ne6 Rf7
55. Rxf7 Nxf7 56. Qf4 Kb7 57. Ng5 Nxg5 58. Re7+ Bd7 59. Qd6 Nf3+ 60. Kg2 Ne1+
61. Kf1 1-0

[Event "TCh-RUS HL 2019"]
[Site "Sochi RUS"]
[Date "2019.05.01"]
[Round "1.1"]
[Board "4"]
[White "Pogosian, Georgy"]
[Black "Savitskiy, Sergey"]
[Result "0-1"]
[WhiteTitle "FM"]
[BlackTitle "IM"]
[WhiteElo "2088"]
[BlackElo "2411"]
[WhiteTeam "Metrum Group (Smolensk region)"]
[BlackTeam "Yamal (YaNAO)"]
[WhiteFideId "4119088"]
[BlackFideId "24105660"]
[EventDate "2019.05.01"]

1. d4 Nf6 2. Nf3 g6 3. c4 Bg7 4. Nc3 O-O 5. e4 d6 6. Be2 e5 7. O-O Na6 8. d5 Nc5
9. Qc2 a5 10. Bg5 h6 11. Be3 Nh5 12. g3 Bh3 13. Rfe1 b6 14. Nd2 f5 15. Bxc5 bxc5
16. exf5 Bxf5 17. Bd3 Qd7 18. Nde4 Bh3 19. Re3 Rf7 20. f3 Raf8 21. Nd2 Bf5 22.
Nde4 Nf6 23. Nxf6+ Bxf6 24. Ne4 Bd8 25. Rf1 h5 26. Rf2 Kg7 27. Ree2 Bh3 28. Re3
c6 29. dxc6 Qxc6 30. Bf1 Bf5 31. Bd3 Be6 32. b3 Be7 33. Kg2 Qd7 34. Kg1 Qa7 35.
Qe2 a4 36. h4 axb3 37. axb3 Qb6 38. Bc2 Ra8 39. Nc3 Ra1+ 40. Kg2 Qd8 41. Be4
Bxh4 42. gxh4 Qxh4 43. Nb1 Bh3+ 44. Kg1 Qg5+ 45. Kh1 Rf4 46. Rc3 Rxe4 47. Qxe4
Bf5 48. Qb7+ Kh6 49. Rb2 Bxb1 50. Kh2 Bf5 0-1

[Event "TCh-RUS HL 2019"]
[Site "Sochi RUS"]
[Date "2019.05.01"]
[Round "1.2"]
[Board "1"]
[White "Musalov, Ruslan"]
[Black "Korneev, Oleg"]
[Result "1/2-1/2"]
[WhiteTitle "IM"]
[BlackTitle "GM"]
[WhiteElo "2338"]
[BlackElo "2530"]
[WhiteTeam "Dagestan"]
[BlackTeam "KPRF (Moscow)"]
[WhiteFideId "4141490"]
[BlackFideId "4156803"]
[EventDate "2019.05.01"]

1. e4 e5 2. Nf3 Nc6 3. Nc3 Nf6 4. d4 exd4 5. Nxd4 Bb4 6. Nxc6 bxc6 7. Bd3 O-O 8.
O-O d5 9. exd5 cxd5 10. Bg5 c6 11. Qf3 Rb8 12. Ne2 Bg4 13. Bxf6 Bxf3 14. Bxd8
Bxe2 15. Bxe2 Rfxd8 16. Rfd1 a5 17. Rd3 a4 18. Rad1 g6 19. c4 Re8 20. Kf1 Ba5
21. cxd5 Rxb2 22. Re3 Rxe3 23. fxe3 cxd5 24. Rxd5 Bd2 25. Bc4 Bxe3 26. Rd7 Rf2+
27. Ke1 Rf4 28. Bd5 Bc5 29. Rc7 Bd6 30. Rd7 Bb4+ 31. Ke2 h5 32. h3 h4 33. Ke3 g5
34. Be4 f5 35. Bd5+ Kf8 36. Rf7+ Ke8 37. Rc7 Ba5 38. Rc4 Bb6+ 39. Kd3 Rxc4 40.
Bxc4 Ke7 41. Bb5 Ke6 1/2-1/2

[Event "TCh-RUS HL 2019"]
[Site "Sochi RUS"]
[Date "2019.05.01"]
[Round "1.2"]
[Board "2"]
[White "Kornev, Alexei"]
[Black "Tekeyev, Zaur"]
[Result "1-0"]
[WhiteTitle "GM"]
[BlackTitle "FM"]
[WhiteElo "2490"]
[BlackElo "2386"]
[WhiteTeam "KPRF (Moscow)"]
[BlackTeam "Dagestan"]
[WhiteFideId "4120949"]
[BlackFideId "4199731"]
[EventDate "2019.05.01"]

1. Nf3 Nf6 2. c4 g6 3. Nc3 Bg7 4. e4 d6 5. d4 O-O 6. Be2 e5 7. O-O Na6 8. Qc2
exd4 9. Nxd4 Ng4 10. Bxg4 Bxg4 11. Be3 c6 12. Qd2 Qe7 13. Bh6 Bxh6 14. Qxh6 Nc5
15. Qd2 a5 16. Rae1 Be6 17. b3 Bc8 18. f4 Qc7 19. Kh1 f5 20. e5 dxe5 21. Rxe5 b6
22. Rfe1 Qd6 23. Qe3 Bd7 24. Rd1 Qf6 25. h3 Rae8 26. Nf3 Rd8 27. a3 Bc8 28. Rxd8
Qxd8 29. Nd4 Qd6 30. b4 axb4 31. axb4 Na6 32. b5 cxb5 33. Ndxb5 Qc6 34. Nd5 Qxc4
35. Nd6 Qf1+ 36. Kh2 Bd7 37. Re7 Nc5 38. Qe5 1-0

[Event "TCh-RUS HL 2019"]
[Site "Sochi RUS"]
[Date "2019.05.01"]
[Round "1.2"]
[Board "3"]
[White "Alikhanov, Felix"]
[Black "Chernyshov, Konstantin"]
[Result "1/2-1/2"]
[WhiteTitle "IM"]
[BlackTitle "GM"]
[WhiteElo "2455"]
[BlackElo "2461"]
[WhiteTeam "Dagestan"]
[BlackTeam "KPRF (Moscow)"]
[WhiteFideId "4157427"]
[BlackFideId "4117328"]
[EventDate "2019.05.01"]

1. e4 e6 2. d4 d5 3. Nd2 dxe4 4. Nxe4 Nd7 5. Nf3 Ngf6 6. Bd3 Nxe4 7. Bxe4 Nf6 8.
Bg5 Be7 9. Bxf6 gxf6 10. Qe2 c6 11. O-O O-O 12. c4 Bd7 13. Rfd1 Re8 14. Qc2 f5
15. Bd3 Qc7 16. Qd2 Bf6 17. c5 Rad8 18. Bc4 Bc8 19. Qe3 Bg7 20. b4 Rd7 21. Rac1
Red8 22. Bb3 b6 23. h4 bxc5 24. bxc5 h6 25. Ne5 Bxe5 26. dxe5 Rxd1+ 27. Rxd1
Rxd1+ 28. Bxd1 Ba6 29. Qd4 Qa5 30. Bh5 Kg7 31. Kh2 Qe1 32. Kg3 Be2 33. Bxf7 Kxf7
34. Qd7+ Kf8 35. Qd8+ Kg7 36. Qf6+ Kh7 37. Qf7+ Kh8 38. Qf8+ Kh7 39. Qf7+ Kh8
40. Qf8+ Kh7 41. Qf7+ 1/2-1/2

[Event "TCh-RUS HL 2019"]
[Site "Sochi RUS"]
[Date "2019.05.01"]
[Round "1.2"]
[Board "4"]
[White "Yagupov, Igor"]
[Black "Kamaev, Dzhabrail"]
[Result "0-1"]
[WhiteTitle "GM"]
[WhiteElo "2391"]
[BlackElo "1982"]
[WhiteTeam "KPRF (Moscow)"]
[BlackTeam "Dagestan"]
[WhiteFideId "4113632"]
[BlackFideId "34164798"]
[EventDate "2019.05.01"]

1. e4 e5 2. Nf3 Nc6 3. Bb5 a6 4. Ba4 Nf6 5. O-O Be7 6. Re1 b5 7. Bb3 d6 8. c3
O-O 9. h3 Na5 10. Bc2 c5 11. d4 Qc7 12. Nbd2 cxd4 13. cxd4 Nc6 14. Nb3 a5 15.
Be3 a4 16. Nbd2 Bd7 17. a3 Rfe8 18. d5 Na5 19. Bd3 Rec8 20. Qe2 Qb7 21. Rac1 h6
22. Nh2 Bd8 23. f4 Ne8 24. fxe5 dxe5 25. Ng4 f6 26. Kh1 Rxc1 27. Rxc1 Bb6 28.
Bxb6 Qxb6 29. Qe3 Qb7 30. Qg3 Kh7 31. Be2 Nd6 32. Ne3 Qb6 33. Bg4 Bxg4 34. Nxg4
Nac4 35. Nxc4 bxc4 36. Rf1 Qd8 37. Qh4 Qe7 38. Nxf6+ Kh8 39. Qh5 Rf8 40. Qd1
Rxf6 41. Rxf6 Qxf6 42. Qxa4 Qf1+ 43. Kh2 Qf4+ 44. Kg1 Qe3+ 45. Kh2 Qxe4 46. Qc6
Qf4+ 47. Kg1 e4 0-1

[Event "TCh-RUS HL 2019"]
[Site "Sochi RUS"]
[Date "2019.05.01"]
[Round "1.4"]
[Board "1"]
[White "Papin, Vasily"]
[Black "Rychagov, Andrey"]
[Result "1-0"]
[WhiteTitle "GM"]
[BlackTitle "GM"]
[WhiteElo "2468"]
[BlackElo "2548"]
[WhiteTeam "Law Faculty of Moscow State University (Moscow)"]
[BlackTeam "Botvinnik School (Moscow)"]
[WhiteFideId "4143183"]
[BlackFideId "4119932"]
[EventDate "2019.05.01"]

1. c4 e6 2. Nc3 d5 3. d4 Be7 4. Nf3 Nf6 5. Bg5 O-O 6. e3 h6 7. Bxf6 Bxf6 8. Qc2
c5 9. dxc5 Qa5 10. cxd5 exd5 11. O-O-O Be6 12. Nxd5 Bxd5 13. Rxd5 Qxa2 14. Bc4
Bxb2+ 15. Kd1 Qa3 16. Rd3 Qa1+ 17. Ke2 Qxh1 18. Qxb2 Qxg2 19. Qxb7 Qg4 20. Rd4
Qg6 21. Qxa8 1-0

[Event "TCh-RUS HL 2019"]
[Site "Sochi RUS"]
[Date "2019.05.01"]
[Round "1.4"]
[Board "2"]
[White "Novikov, Stanislav"]
[Black "Bogachkova, Alena"]
[Result "1-0"]
[WhiteTitle "GM"]
[BlackTitle "WFM"]
[WhiteElo "2535"]
[BlackElo "2141"]
[WhiteTeam "Botvinnik School (Moscow)"]
[BlackTeam "Law Faculty of Moscow State University (Moscow)"]
[WhiteFideId "4125371"]
[BlackFideId "24166251"]
[EventDate "2019.05.01"]

1. c4 c6 2. Nf3 d5 3. b3 Bf5 4. Bb2 e6 5. g3 h6 6. Bg2 Nf6 7. O-O Be7 8. d3 O-O
9. Nbd2 Re8 10. Qc2 Bh7 11. a3 Nbd7 12. b4 Bf8 13. Rfe1 e5 14. e4 d4 15. c5 Rc8
16. Bh3 b6 17. Nb3 Rc7 18. a4 Qb8 19. Ba3 bxc5 20. bxc5 a6 21. Rf1 Qa7 22. Nh4
g5 23. Nf5 g4 24. Bg2 Bxf5 25. exf5 Nd5 26. Qc4 N7f6 27. Na5 Qa8 28. Rab1 Qc8
29. Nxc6 Rxc6 30. Bxd5 Nxd5 31. Qxd5 Rf6 32. f3 Qxf5 33. fxg4 Qxd3 34. Rxf6
Qxb1+ 35. Kg2 Qh7 36. Kh3 d3 37. Bc1 e4 38. Be3 Re7 39. c6 Qg7 40. Rxh6 Qa1 41.
Rg6+ Bg7 42. Bd4 1-0

[Event "TCh-RUS HL 2019"]
[Site "Sochi RUS"]
[Date "2019.05.01"]
[Round "1.4"]
[Board "3"]
[White "Mamedov, Elmin"]
[Black "Makarian, Rudik"]
[Result "0-1"]
[BlackTitle "IM"]
[WhiteElo "2210"]
[BlackElo "2348"]
[WhiteTeam "Law Faculty of Moscow State University (Moscow)"]
[BlackTeam "Botvinnik School (Moscow)"]
[WhiteFideId "24117331"]
[BlackFideId "44105681"]
[EventDate "2019.05.01"]

1. e4 e6 2. Qe2 c5 3. g3 Nc6 4. Bg2 g6 5. c3 Bg7 6. f4 Nge7 7. Nf3 O-O 8. O-O d6
9. Na3 Rb8 10. Rd1 f5 11. exf5 gxf5 12. d4 cxd4 13. cxd4 Nd5 14. Nc4 Re8 15. Ne3
Nf6 16. b3 b5 17. Bb2 Qb6 18. Ne1 Bb7 19. N1c2 Ne7 20. g4 fxg4 21. Nxg4 Nxg4 22.
Bh3 Nf6 23. Bxe6+ Kf8 24. Qf2 Ned5 25. f5 Nc7 0-1

[Event "TCh-RUS HL 2019"]
[Site "Sochi RUS"]
[Date "2019.05.01"]
[Round "1.4"]
[Board "4"]
[White "Yeritsyan, Aram"]
[Black "Utiatskaja, Irina"]
[Result "1-0"]
[WhiteTitle "FM"]
[BlackTitle "WIM"]
[WhiteElo "2299"]
[BlackElo "2213"]
[WhiteTeam "Botvinnik School (Moscow)"]
[BlackTeam "Law Faculty of Moscow State University (Moscow)"]
[WhiteFideId "34161047"]
[BlackFideId "24140848"]
[EventDate "2019.05.01"]

1. e4 c5 2. Nf3 e6 3. c4 d5 4. exd5 exd5 5. d4 Nc6 6. cxd5 Qxd5 7. Nc3 Qe6+ 8.
Be2 cxd4 9. Nxd4 Qd7 10. Nxc6 Qxd1+ 11. Bxd1 bxc6 12. Bf3 Bb7 13. O-O O-O-O 14.
Be3 Nf6 15. Bxa7 c5 16. Na4 Bxf3 17. gxf3 Rd5 18. Bxc5 Bxc5 19. Rac1 Nd7 20.
Rxc5+ Nxc5 21. Nb6+ Kb7 22. Nxd5 Re8 23. Rc1 Na6 24. Ne3 Re5 25. b4 Nc7 26. a4
Rg5+ 27. Kh1 Ne6 28. Rc4 f5 29. f4 Rh5 30. b5 g5 31. Nd5 gxf4 32. a5 f3 33. a6+
Kb8 34. b6 f4 35. a7+ 1-0

[Event "TCh-RUS HL 2019"]
[Site "Sochi RUS"]
[Date "2019.05.01"]
[Round "1.5"]
[Board "1"]
[White "Triapishko, Alexandr"]
[Black "Kardashevskiy, Evgeny"]
[Result "1/2-1/2"]
[WhiteTitle "IM"]
[BlackTitle "FM"]
[WhiteElo "2506"]
[BlackElo "2417"]
[WhiteTeam "Krym Nash"]
[BlackTeam "Altai Territory"]
[WhiteFideId "14122286"]
[BlackFideId "24108138"]
[EventDate "2019.05.01"]

1. e4 e5 2. Nf3 Nf6 3. Nxe5 d6 4. Nf3 Nxe4 5. d4 d5 6. Bd3 Bd6 7. O-O O-O 8. c4
c6 9. Re1 Bf5 10. Nc3 Nxc3 11. bxc3 Bxd3 12. Qxd3 dxc4 13. Qxc4 Nd7 14. Qb3 Qc7
15. c4 Rfe8 16. Bb2 Nf6 17. g3 Rxe1+ 18. Rxe1 Re8 19. Rxe8+ Nxe8 20. d5 Qb6 21.
Qc2 cxd5 22. cxd5 Qb5 23. Qe4 Nc7 24. Be5 Bxe5 25. Qxe5 Qd7 26. d6 Ne8 27. Ng5
Nxd6 28. Ne4 Ne8 29. Nc5 Qc6 30. Nxb7 Qc1+ 31. Kg2 Qc6+ 32. Kg1 Qc1+ 33. Kg2
Qc6+ 34. Kg1 Qc1+ 35. Kg2 Qc6+ 1/2-1/2

[Event "TCh-RUS HL 2019"]
[Site "Sochi RUS"]
[Date "2019.05.01"]
[Round "1.5"]
[Board "2"]
[White "Boiarintsev, Vitaly"]
[Black "Yeletsky, Ivan"]
[Result "1/2-1/2"]
[WhiteTitle "FM"]
[BlackTitle "FM"]
[WhiteElo "2327"]
[BlackElo "2422"]
[WhiteTeam "Altai Territory"]
[BlackTeam "Krym Nash"]
[WhiteFideId "34128384"]
[BlackFideId "24180327"]
[EventDate "2019.05.01"]

1. Nf3 Nf6 2. d4 g6 3. Bf4 Bg7 4. e3 O-O 5. c3 d6 6. Nbd2 Nh5 7. Bg5 h6 8. Bh4
Nd7 9. Bd3 a6 10. Rc1 Ndf6 11. h3 g5 12. Nxg5 hxg5 13. Bxg5 Bh8 14. g4 Ng7 15.
Qc2 Ne6 16. Bh4 c5 17. g5 Ne8 18. Bh7+ Kg7 19. d5 N6c7 20. c4 b5 21. b3 bxc4 22.
bxc4 Rb8 23. Ne4 Na8 24. Rg1 Qa5+ 25. Kd1 Rb2 26. Qxb2+ Kxh7 27. Qe2 Kg6 28. Nd2
Nb6 29. Qd3+ Bf5 30. e4 Bd7 31. f4 Na4 32. f5+ Kh7 33. Qf3 Ng7 34. f6 Kg8 35.
fxg7 Bxg7 36. Ke2 Nc3+ 37. Kf1 Nxa2 38. Rd1 Ba4 39. Nb3 Qc3 40. Rd3 Qxc4 41. Kg2
Qc2+ 42. Kh1 c4 43. Rd2 Qxb3 44. Qg2 Nb4 45. g6 f5 46. Rf2 fxe4 47. Rxf8+ Kxf8
48. Rf1+ Ke8 49. Rf7 Qd1+ 50. Kh2 Be5+ 51. Bg3 Qxd5 52. Bxe5 Qxe5+ 53. Kh1 Qa1+
54. Kh2 Qe5+ 55. Kh1 Qa1+ 56. Kh2 Qe5+ 57. Kg1 Qa1+ 58. Kh2 Qd1 1/2-1/2

[Event "TCh-RUS HL 2019"]
[Site "Sochi RUS"]
[Date "2019.05.01"]
[Round "1.5"]
[Board "3"]
[White "Vastrukhin, Oleg"]
[Black "Slizunkov, Dmitry"]
[Result "0-1"]
[WhiteElo "2404"]
[BlackElo "2144"]
[WhiteTeam "Krym Nash"]
[BlackTeam "Altai Territory"]
[WhiteFideId "4192770"]
[BlackFideId "34185949"]
[EventDate "2019.05.01"]

1. g3 d5 2. Bg2 g6 3. f4 Bg7 4. Nf3 Nf6 5. O-O O-O 6. d3 c5 7. Qe1 d4 8. c3 Nc6
9. Na3 Be6 10. Nc2 Qd7 11. cxd4 cxd4 12. b4 a6 13. Bb2 Ng4 14. h3 Ne3 15. Nxe3
dxe3 16. Bxg7 Kxg7 17. Kh2 f6 18. Qc3 Bd5 19. Qc5 Rac8 20. Qxe3 Nxb4 21. Qd2 a5
22. a3 Nc2 23. Rab1 Nxa3 24. Rb2 b6 25. e4 Bf7 26. Rxb6 Rc2 27. Qe3 Rc3 28. Ra6
Rxd3 29. Qc5 Rc8 30. Qxa5 Nc4 31. Qa1 Nd2 32. Rf2 Nxf3+ 33. Rxf3 Rd2 34. g4 Rcc2
35. Rg3 Rf2 36. g5 Qd2 37. gxf6+ Kh6 38. Qg1 Qxf4 39. fxe7 Rxg2+ 40. Qxg2 Rxg2+
41. Kxg2 Qxe4+ 42. Kh2 Qe2+ 0-1

[Event "TCh-RUS HL 2019"]
[Site "Sochi RUS"]
[Date "2019.05.01"]
[Round "1.5"]
[Board "4"]
[White "Guempel, Viktor"]
[Black "Derjabin, Ilja"]
[Result "0-1"]
[WhiteTitle "FM"]
[BlackTitle "IM"]
[WhiteElo "2130"]
[BlackElo "2345"]
[WhiteTeam "Altai Territory"]
[BlackTeam "Krym Nash"]
[WhiteFideId "4148509"]
[BlackFideId "14104768"]
[EventDate "2019.05.01"]

1. c4 Nf6 2. Nc3 c5 3. Nf3 g6 4. g3 Bg7 5. Bg2 O-O 6. O-O Nc6 7. d4 cxd4 8. Nxd4
Nxd4 9. Qxd4 d6 10. Qh4 Be6 11. Bxb7 Rb8 12. Bf3 Qa5 13. Rd1 Rb4 14. Nd5 Bxd5
15. Bxd5 Nxd5 16. Rxd5 Qc7 17. Bh6 Rxc4 18. Qh3 Qb7 19. Bxg7 Kxg7 20. Rd2 Rfc8
21. b3 Rc1+ 22. Rd1 R1c2 23. Qg4 Qa6 24. Qd4+ f6 25. Rd2 R8c5 26. f3 Qc6 27.
Rad1 Re5 28. Rxc2 Qxc2 29. Rd2 Qb1+ 30. Kg2 Qe1 31. e4 Rc5 32. Qf2 Qb1 33. Rb2
Qc1 34. Qd2 Kf7 35. Qxc1 Rxc1 36. Kf2 e5 37. Ke3 Ke6 38. Rd2 f5 39. b4 Rb1 40.
a3 Ra1 41. Rd3 Ra2 42. h4 Rg2 43. Rd5 fxe4 44. Ra5 exf3 45. Kxf3 Rb2 46. Rxa7
Rb3+ 47. Kf2 e4 48. g4 h5 49. gxh5 gxh5 50. Rh7 d5 51. Rxh5 d4 52. Rh8 Rf3+ 53.
Kg2 d3 54. Rd8 Rf5 55. Re8+ Kd5 56. b5 Rf6 57. Rd8+ Kc4 58. b6 Rxb6 59. Kf2 Rb2+
60. Ke3 Re2+ 61. Kf4 Kc3 62. h5 d2 63. h6 Rh2 64. Ke3 Kc2 65. h7 Kd1 66. Rc8 0-1

[Event "TCh-RUS HL 2019"]
[Site "Sochi RUS"]
[Date "2019.05.01"]
[Round "1.6"]
[Board "1"]
[White "Smirnov, Timofey"]
[Black "Zakhartsov, Vladimir"]
[Result "1/2-1/2"]
[WhiteTitle "FM"]
[BlackTitle "GM"]
[WhiteElo "2354"]
[BlackElo "2471"]
[WhiteTeam "School for Summer Sports (Moscow"]
[BlackTeam "Grandmaster Academy / Chess-trans"]
[WhiteFideId "24176427"]
[BlackFideId "4145097"]
[EventDate "2019.05.01"]

1. e4 c5 2. Nf3 d6 3. d4 Nf6 4. Nc3 cxd4 5. Nxd4 a6 6. Be2 e6 7. g4 d5 8. exd5
Nxd5 9. Nxd5 Qxd5 10. Bf3 Qd6 11. Be3 Bd7 12. Qd2 e5 13. Nb3 Qxd2+ 14. Nxd2 Bc6
15. O-O-O Be7 16. Bxc6+ Nxc6 17. Nc4 b5 18. Nd6+ Bxd6 19. Rxd6 Rc8 20. Rhd1 O-O
21. R1d5 Rcd8 22. Bc5 Rxd6 23. Rxd6 Rc8 24. b4 f6 25. Kb2 Kf7 26. Rd7+ Kg6 27.
h4 h5 28. gxh5+ Kxh5 29. Rxg7 Kxh4 30. Rb7 Na5 31. bxa5 Rxc5 32. Rb6 f5 33. Rxa6
Kg4 34. Rb6 b4 35. Rxb4+ e4 36. Ra4 Kf3 37. a6 Rc8 38. a7 Ra8 39. Ra5 f4 40. Ra4
e3 41. fxe3 fxe3 42. Ra6 e2 1/2-1/2

[Event "TCh-RUS HL 2019"]
[Site "Sochi RUS"]
[Date "2019.05.01"]
[Round "1.6"]
[Board "2"]
[White "Glek, Igor"]
[Black "Tsoi, Dmitry"]
[Result "1-0"]
[WhiteTitle "GM"]
[BlackTitle "FM"]
[WhiteElo "2464"]
[BlackElo "2317"]
[WhiteTeam "Grandmaster Academy / Chess-trans"]
[BlackTeam "School for Summer Sports (Moscow"]
[WhiteFideId "4100484"]
[BlackFideId "24194697"]
[EventDate "2019.05.01"]

1. d4 f5 2. Nf3 Nf6 3. g3 e6 4. Bg2 d5 5. c4 c6 6. O-O Bd6 7. Nc3 O-O 8. Rb1 Qe7
9. Qc2 Ne4 10. b4 Nd7 11. b5 Nxc3 12. Qxc3 dxc4 13. bxc6 bxc6 14. Ne5 c5 15.
Nxd7 Bxd7 16. Bxa8 Rxa8 17. Rb7 cxd4 18. Qxd4 e5 19. Qxc4+ Qe6 20. Qxe6+ Bxe6
21. Bb2 Bxa2 22. Rd1 Bf8 23. Bxe5 Bc4 24. Rdd7 Ba6 25. Rxa7 Rxa7 26. Rxa7 Bxe2
27. Bd4 f4 28. gxf4 Bd3 29. Rd7 Be4 30. Rc7 g6 31. Be5 h6 32. Kf1 Bd3+ 33. Kg2
Be4+ 34. f3 Bf5 35. Kf2 Bb4 36. Ke3 h5 37. Kd4 Kf8 38. Kd5 Ke8 39. Bd6 Ba5 40.
Re7+ Kd8 41. Kc6 Bc2 42. Ra7 1-0

[Event "TCh-RUS HL 2019"]
[Site "Sochi RUS"]
[Date "2019.05.01"]
[Round "1.6"]
[Board "4"]
[White "Vdovin, Vadim"]
[Black "Frolov, Aleksey G."]
[Result "1/2-1/2"]
[WhiteTitle "FM"]
[WhiteElo "2361"]
[BlackElo "2073"]
[WhiteTeam "Grandmaster Academy / Chess-trans"]
[BlackTeam "School for Summer Sports (Moscow"]
[WhiteFideId "24107158"]
[BlackFideId "34106500"]
[EventDate "2019.05.01"]

1. d4 d5 2. c4 e6 3. Nc3 Nf6 4. Bg5 Be7 5. e3 O-O 6. cxd5 Nxd5 7. Bxe7 Qxe7 8.
Nf3 Nxc3 9. bxc3 c5 10. Be2 Rd8 11. O-O Nc6 12. Qb3 b6 13. a4 Bb7 14. Rfb1 e5
15. dxc5 e4 16. Nd4 Qxc5 17. Qa3 Qxa3 18. Rxa3 Na5 19. Nb3 Nxb3 20. Rbxb3 Rd2
21. Kf1 Rc2 22. Rb1 Rc8 23. Rd1 g6 24. Ke1 R2xc3 25. Rxc3 Rxc3 26. Rd7 Bc8 27.
Rxa7 Be6 28. Ra6 Ra3 29. Bb5 Ra1+ 30. Kd2 Ra2+ 31. Kc3 Rxf2 32. Rxb6 Rxg2 33. a5
Rxh2 34. Ba4 Ra2 35. Kb4 Rb2+ 36. Kc5 Ra2 37. Rb4 Bd7 38. Bxd7 Rxa5+ 39. Kd4 Ra7
40. Bc6 f5 41. Bd5+ Kg7 42. Ke5 Re7+ 43. Kf4 Rd7 44. Bc4 Rd8 45. Kg5 Rd7 46. Rb8
h6+ 47. Kf4 Rc7 48. Bd5 Re7 49. Rb6 Rd7 50. Bc4 Rc7 51. Ba2 Ra7 52. Bd5 Re7 53.
Bb3 Rc7 54. Ke5 Re7+ 55. Be6 h5 56. Kf4 h4 57. Kg5 h3 58. Bc4 h2 59. Rxg6+ Kh8
60. Rh6+ Rh7 61. Rg6 1/2-1/2

[Event "TCh-RUS HL 2019"]
[Site "Sochi RUS"]
[Date "2019.05.01"]
[Round "1.10"]
[Board "1"]
[White "Konovalov, Viatcheslav"]
[Black "Gharagyozyan, Artur"]
[Result "1/2-1/2"]
[WhiteElo "1941"]
[BlackElo "2321"]
[WhiteTeam "MBU Samara Ladya"]
[BlackTeam "Alania (RNO-Alania)"]
[WhiteFideId "4194772"]
[BlackFideId "13303279"]
[EventDate "2019.05.01"]

1. d4 Nf6 2. Nf3 e6 3. e3 b6 4. Nbd2 Bb7 5. Bd3 c5 6. c3 Be7 7. O-O O-O 8. Qe2
d5 9. Ne5 Nbd7 10. f4 Ne4 11. Ba6 Qc8 12. Bxb7 Qxb7 13. Nxe4 dxe4 14. b3 Rac8
15. c4 Rfd8 16. Bb2 f5 17. Nxd7 Rxd7 18. Rfd1 Rcd8 19. Rd2 Qc7 20. Rad1 cxd4 21.
Rxd4 Bc5 22. Rxd7 Rxd7 23. Rxd7 Qxd7 24. Kf2 h6 25. Bc3 a5 26. Qd2 Qxd2+ 27.
Bxd2 g5 28. g3 Bb4 29. Bc1 Bc3 30. Ba3 Kf7 31. Bd6 Bb4 32. Bc7 Bc5 33. h3 Kg6
34. fxg5 hxg5 35. a3 e5 36. b4 axb4 37. axb4 Bxb4 38. Bxb6 f4 39. c5 Kf7 40. c6
Ke6 41. exf4 exf4 42. gxf4 gxf4 43. h4 Kd6 44. c7 Kd7 45. h5 Bf8 46. Ke2 Kc8 47.
Kf2 Kb7 48. Ke2 Bh6 49. Kf2 Bg5 50. Ke2 Kc8 51. Kf2 f3 52. Bd4 Kxc7 53. Bg7 Bh4+
54. Ke3 Be7 55. Bd4 Kd6 56. Kxe4 Bf6 57. Kxf3 1/2-1/2